| 000 | 00368nam a22001577a 4500 | ||
|---|---|---|---|
| 005 | 20250430060221.0 | ||
| 008 | 250430b |||||||| |||| 00| 0 eng d | ||
| 020 | _a9789559881919 | ||
| 082 |
_222 _a891 |
||
| 100 | _aPeris. W.S | ||
| 245 | _aOlakkuwaW.s. Peris | ||
| 260 |
_aSri Lanaka _bW.s Peris _c2009 |
||
| 300 | _a106 p ., | ||
| 650 | _aShort Stories | ||
| 942 | _cL | ||
| 999 |
_c6029 _d6029 |
||